| 000 | 01269cam a2200253 4500 | ||
|---|---|---|---|
| 001 | ##L130185 | ||
| 002 | 7829 | ||
| 008 | 050630n2005 000 0 eng u | ||
| 020 | _a0750662573 | ||
| 035 | _a(Sirsi) u130185 | ||
| 041 | 0 | _aeng | |
| 050 | 0 | 4 | _a692.2 $2 18 |
| 100 | 1 | _aBillington, M. J. | |
| 245 | 0 | 0 |
_aUsing the building regulations _badministrative procedures |
| 260 |
_aOxford _bElsevier Butterworth Heinemann _c2005 |
||
| 300 | _aix, 294p, 25cm | ||
| 350 | _a29.99 | ||
| 520 | _aPresents a detailed analysis of the administrative and procedural regulations and the processes that can be used for building control. This is the most neglected part of the whole building control system. Introduces the Building Regulations and covers a brief history of building control, controlling legislation and the application of the Regulations, control systems, enforcement actions and satisfying the requirements of the Regulations. Appendices comment on the Building Regulations 2000, Building (Approved Inspectors Etc) Regulations 2000 and local Acts of Parliament. | ||
| 590 | _aIKA111005 | ||
| 650 | 2 | 4 | _aBUILDING REGULATIONS 2000 |
| 650 | 2 | 4 | _aBUILDING (APPROVED INSPECTORS ETC.) REGULATIONS 2000 |
| 690 |
_aBuilding regulations _96224 |
||
| 942 | _n0 | ||
| 999 |
_c104385 _d104385 |
||